00705naa a2200217 a 450000100080000000500110000800800410001910000230006024500800008326000090016365300150017265300500018765300370023765300390027465300140031370000190032770000130034670000230035970000190038277300860040110817802011-11-01 1999 bl uuuu u00u1 u #d1 aEVANGELISTA, A. R. aDegradabilidade in situ de pastagens nativas em diferentes idades de corte. c1999 aCambissolo aDegradabilidade da fibra em detergente neutro aDegradabilidade da mat??ria seca aDegradabilidade da prote??na bruta aLatossolo1 aLIMA, J. A. de1 aCURI, N.1 aCARVALHO, M. M. de1 aFONSECA, E. G. tCi??ncia e Agrotecnologia, Lavras, MGgv. 23, n. 2 , p. 427-433, abri./jun. 1999.